000 00917cab a2200289 4500
001 ABS52532
008 090401t1995 xxu||||| |||| 00| 0 eng d
035 _a(Sirsi) u83554
041 _aeng
100 _aLewison, K.
245 _aNew ruling comes as a rude awakening for sub-tenants
260 _c1995
350 _a0
490 _aProperty Week
_v50(9) 2 March 1995, 29(1)
520 _aExplains the CA decision "Pennell v Payne", where a tenant serving notice to quit on the landlord causes the sublease also to be terminated.
650 _aPROPERTY-LANDLORD AND TENANT-TENANCIES-AGRICULTURAL TENANCIES
650 _aHEAD TENANCIES
650 _aNOTICES TO QUIT
650 _aPENNELL V PAYNE
650 _aSUBTENANCIES
650 _aSUBTENANTS
650 _aSUBLEASES
650 _aTERMINATION
690 _aLANDLORD AND TENANT-AGRICULTURAL TENANCIES
942 _n0
948 _c04/03/1997
999 _c52783
_d52783